000 00346nam a2200133Ia 4500
005 20260328104303.0
008 260328s9999||||xx |||||||||||||| ||und||
100 _aNietzsche, Friedrich
245 0 _aMás Allá Del Bien y Del Mal /
_cFriedrich Nietzsche
260 _bOrbis
300 _a285 p.
650 _aCOLECCIONES ESCRITAS
942 _cBK
999 _c10670
_d10670